清代省级行政区(1820年)- 地图版 - Statistics

General Stats
  • This quiz has been taken 144 times
  • The average score is 24 of 26
Answers on the Map
Answers color-coded by a green-red scale on the quiz's map according to % correct below.
 
Answer Stats
类型 Answer % Correct
福建省
98%
广东省
98%
四川省
98%
将军辖区 新疆(伊犁将军辖区)
98%
广西省
97%
贵州省
97%
湖北省
97%
山东省
97%
安徽省
96%
甘肃省
96%
河南省
96%
湖南省
96%
江苏省
96%
江西省
96%
办事大臣辖区 青海(西宁办事大臣辖区)
96%
山西省
96%
陕西省
96%
办事大臣辖区 西藏办事大臣辖区
96%
云南省
96%
浙江省
96%
将军辖区 吉林将军辖区
95%
直隶省
94%
将军辖区 黑龙江将军辖区
92%
理藩院直辖地区 内蒙古地方
92%
将军辖区 盛京将军辖区
67%
将军辖区 乌里雅苏台将军辖区
60%
No matching quizzes found
Score Distribution
Percent of People with Each Score
Percentile by Number Answered
Your Score History
You have not taken this quiz